| 000 | 00663nam a22002297a 4500 | ||
|---|---|---|---|
| 999 |
_c6616 _d6616 |
||
| 001 | 6616 | ||
| 003 | BD-JhCC | ||
| 005 | 20191212134008.0 | ||
| 008 | 180127b xxu||||| |||| 00| 0 mul d | ||
| 020 | _a8172315708 | ||
| 035 | _a(BD-JhCC)6616 | ||
| 040 |
_aBD-JhCC _dBD-JhCC |
||
| 041 | _aeng and arabic | ||
| 082 |
_a297.122521 _bHOL 2007 |
||
| 245 |
_aThe Holy Quran : _bTransliteration in Roman script with Arabic text and English Translation / _cAbdullah Yousuf Ali tr. |
||
| 260 |
_aDhaka : _bIslamic Book Service, _c2007. |
||
| 300 |
_a704 p. : _c24 cm. |
||
| 650 | _aQuran | ||
| 700 | _aAli, Abdullah Yousuf | ||
| 942 |
_2ddc _cBK _02 |
||